| 000 | 01023nmc a2200349 a 4500 | ||
|---|---|---|---|
| 003 | AR-BaBNM | ||
| 005 | 20251128203246.0 | ||
| 008 | 011101s1986 ||||||||||||||000 | spa|| | ||
| 020 | _a84-7046-277-6 | ||
| 040 | _cAR-BaBNM | ||
| 100 | 1 | _aLópez Rodríguez, Natividad | |
| 245 | 1 | 0 | _aCómo valorar textos escolares |
| 260 |
_aMadrid _bCincel-Kapelusz _c1986 |
||
| 300 | 0 |
_a137 p. _btablas |
|
| 490 | 0 |
_aDiálogos en educación _vv. 15 |
|
| 500 | 0 | _aContiene referencias bibliográficas y apéndices | |
| 500 | 0 | _aTest-Cloze | |
| 600 | _aGarcía Hoz, Víctor | ||
| 600 | 0 | 4 | _aSpaulding |
| 650 | 4 | _aLECTURA | |
| 650 | 4 | _aDIFICULTAD EN LA LECTURA | |
| 650 | 4 | _aLIBROS DE TEXTO | |
| 650 | 4 | _aESTRUCTURA DE LA ORACION | |
| 650 | 4 | _aEVALUACION DE MATERIALES DIDACTICOS | |
| 650 | 4 | _aTECNICAS DE EVALUACION | |
| 650 | 4 | _aVALIDEZ | |
| 653 | 0 | _aCOMPRENSION LECTORA | |
| 653 | 0 | _aEDUCACION GENERAL BASICA | |
| 800 | 1 |
_aRodríguez Diéguez, José Luis _eeditor _ecoordinador |
|
| 942 | _cBK | ||
| 998 | _cGrace | ||
| 999 |
_c2603 _d2603 |
||